00963nam a2200265 a 450000100060000000300080000600500170001400800410003102000180007203500140009004000270010404100080013108200250013910000260016424500900019025000120028026000610029230000350035350000270038850400510041565000330046694200120049999900170051195201690052866113BD-RjUL20211209081512.0040316s2005 ii a b 001 0 eng d a9788120332362 a(BD-RjUL) aDLCcDLCbengdBD-RjUL aeng00a005.75223bSHD 20111 aShah, Nilesh.919558510aDatabase systems using Oracle :ba simplified guide to SQL and PL/SQL /cNilesh Shah. a2nd ed. aNew Delhi :bPHI Learning Private Limited,cc2005 [2011] axxiv, 432 p. :bill. ;c22 cm. a(Updated for Oracle9i) aIncludes bibliographical references and index. 0aRelational databases9194860 2ddccBK c66113d66113 00102ddc40718NFICaRUCLbRUCLcReadingd2013-06-24eDhaka, Associated Business Corporationg425.00l0o005.75 SHD 2011r2017-03-14 00:00:00tC-1w2017-03-14yBK